[Event "CZE-tht Extraliga 2018-19"]
[Site "Czech Republic"]
[Date "2018.11.04"]
[Round "2"]
[White "Mrazek, Lumir"]
[Black "Kislinsky, Alexey"]
[Result "0-1"]
[WhiteElo "2356"]
[BlackElo "2430"]
[Annotator "TA"]
[PlyCount "86"]
[EventDate "2018.11.03"]
[EventType "team-tourn"]
[EventCountry "CZE"]
[SourceTitle "playchess.com"]
[Source "ChessBase"]
[SourceQuality "1"]
[WhiteTeam "Slavoj Ceský Tešín"]
[BlackTeam "Výstavište Lysá nad Labem"]

{[%evp 10,86,60,49,91,48,58,45,64,70,80,31,38,36,30,-65,-72,-101,-99,-187,-176,-188,-184,-270,-147,-243,-233,-218,-192,-172,-174,-186,-173,-173,-178,-180,-170,-177,-173,-193,-166,-219,-101,-106,-102,-95,-83,-83,-44,-50,-44,-44,-52,-44,-57,-97,-97,-132,-123,-101,-93,-107,-106,-100,-108,-1312,-1304,-1304,-135,-1297,-1290,-1283,-1283,-1250,-1250,-1194,-1118,-1287,-1283]} 1. e4 Nf6 2. Nc3 Nc6 3. d4 d5 4. e5 Nd7 5. f4 Nb6 6. Nf3 h5 {B00: Queen's Fianchetto Defence, Nimzowitsch Defence} (6... Bg4 7. Be2 e6 8. O-O Be7 9. h3 Bxf3 10. Bxf3 O-O 11. b3 f5 12. a4 Nb4 13. Ne2 c5 14. Kh2 {0-1 (53) Suhail,A (2239)-Fier,A (2580) Dubai 2014}) 7. a3 Bf5 $146 ({Predecessor:} 7... Bg4 8. Be2 e6 9. Ng5 Bxe2 10. Nxe2 Ne7 11. Qd3 Rc8 12. O-O g6 13. b3 Nf5 {1-0 (51) Domanski,R-Richards,B USA corr 1991}) 8. Bd3 Qd7 {White is slightly better.} 9. O-O h4 10. Nb5 {Threatens to win with Bxf5.} g6 11. Bxf5 gxf5 12. e6 (12. Nc3 $11) 12... fxe6 $15 13. Qe1 {Threatening Ne5.} Bg7 14. Ng5 (14. Be3 $17 {is a better defense.}) 14... Nxd4 15. Nxd4 Bxd4+ 16. Be3 (16. Kh1 {might work better.}) 16... Bf6 (16... Bxb2 $19 17. Rd1 Nc4) 17. Bxb6 (17. c3 $17) 17... axb6 $19 ({Don't take} 17... cxb6 18. Qxe6 Qxe6 19. Nxe6) 18. Nxe6 Ra4 {Strongly threatening ...Re4.} 19. b4 Rh6 20. Rd1 Rxa3 21. Rxd5 {[#]} Qxe6 $1 {[%mdl 512]} 22. Qxe6 {[%cal Re6g8]} Bd4+ $1 23. Rxd4 {[%cal Re6g8]} Rxe6 {[%mdl 4096] Endgame KRR-KRR} 24. Rd5 Re2 25. Re5 Rxe5 (25... Rxc2 $19 {Hoping for ...Raa2.} 26. Rfe1 Raa2 27. Rxe7+ Kd8) 26. fxe5 {KR-KR} e6 27. Rf4 h3 28. Rh4 hxg2 29. Rh7 Rc3 30. Kxg2 b5 31. h4 $1 Rxc2+ 32. Kf3 {[#]} Rc4 $1 {[%cal Rc4b4]} 33. h5 Rxb4 {White must now prevent ...Rc4.} 34. Rxc7 Rh4 {And now ...Rh3+ would win.} 35. Rxb7 Rxh5 36. Rxb5 Rh4 37. Rb8+ $2 {[%mdl 8192]} (37. Ra5 $17) 37... Kd7 38. Rb5 Re4 $2 (38... Kc6 $19 {and Black stays clearly on top.} 39. Ra5 Re4) 39. Ra5 $2 {[%mdl 8192]} (39. Rc5 $17) 39... Kc7 {Black is clearly winning.} 40. Rc5+ Kb6 41. Rc1 Rxe5 42. Kf4 Re4+ 43. Kg5 f4 {Precision: White = 31%, Black = 61%.} 0-1

[Event "CZE-tht Extraliga 2018-19"]
[Site "Czech Republic"]
[Date "2018.11.04"]
[Round "2"]
[White "Sosna, Jan"]
[Black "Kriebel, Tadeas"]
[Result "0-1"]
[WhiteElo "2351"]
[BlackElo "2491"]
[Annotator "TA"]
[PlyCount "72"]
[EventDate "2018.11.03"]
[EventType "team-tourn"]
[EventCountry "CZE"]
[SourceTitle "playchess.com"]
[Source "ChessBase"]
[SourceQuality "1"]
[WhiteTeam "ŠK Slavoj Poruba"]
[BlackTeam "1. Novoborský ŠK"]

{[%evp 19,72,-16,-8,0,-4,-54,-57,-62,-59,-72,-77,-93,-83,-87,-83,-95,-86,-92,-91,-91,-85,-92,-92,-86,-96,-127,-129,-118,-116,-122,-111,-125,-127,-195,-140,-207,-212,-201,-210,-250,-239,-250,-243,-243,-233,-241,-241,-231,-233,-350,-347,-415,-404,-407,-414]} 1. d4 d5 2. Nf3 e6 3. Bf4 Nf6 4. Nbd2 c5 5. e3 Nc6 6. c3 Bd6 7. Bg3 O-O 8. Bd3 Qe7 9. O-O {D02: 1 d4 d5 2 Nf3 sidelines, including 2...Nf6 3 g3 and 2...Nf6 3 Bf4} (9. Ne5 Nd7 10. Nxd7 Qxd7 11. dxc5 Bxc5 12. O-O Bd6 13. Qc2 h6 14. Nf3 b6 15. e4 Bxg3 16. hxg3 dxe4 17. Bxe4 Bb7 {1-0 (55) Nguyen,N (2620)-Magalashvili,D (2508) Batumi 2018}) 9... Bxg3 10. hxg3 e5 {LiveBook: 7 Games} 11. Bb5 $146 {The position is equal.} ({Predecessor:} 11. dxe5 Nxe5 12. Nxe5 Qxe5 {½-½ (12) Laketic,G (2370)-Sredojevic,I (2367) Novi Sad 2017}) 11... e4 12. Nh2 (12. Bxc6 $5 exf3 13. Ba4 $15) 12... cxd4 13. cxd4 Bd7 14. Bxc6 Bxc6 15. Qb3 Rfc8 16. Rfc1 h5 17. Rc3 g6 18. Rac1 Kg7 19. Qa3 Qd7 20. Nb3 b6 21. Nd2 Bb5 22. f3 Rxc3 23. Qxc3 Ba6 24. Qb4 Rc8 25. Rc3 Rxc3 26. bxc3 (26. Qxc3 $17 Qa4 27. Qb3) 26... exf3 ({Better is} 26... Qe6 $19 {...exf3 is the strong threat.} 27. f4 Bd3) 27. gxf3 (27. Nhxf3 $17 Ng4 28. Ne5) 27... Qe6 $19 28. Kf2 Qh3 29. Ndf1 Qf5 30. Qb2 Ne4+ 31. Kg2 Ng5 {Threatens to win with ...Qh3+.} 32. Qf2 Qh3+ 33. Kg1 Qc8 {[#] Hoping for ...Nh3+.} 34. Qd2 (34. Qc2 $142) 34... Qf5 35. Qd1 Bxf1 ({Not} 35... Nh3+ 36. Kg2 $19) 36. Qxf1 Qc2 {Precision: White = 40%, Black = 81%.} 0-1

[Event "CZE-tht Extraliga 2018-19"]
[Site "Czech Republic"]
[Date "2018.11.04"]
[Round "2"]
[White "Szotkowski, Jakub"]
[Black "Bartos, Jan"]
[Result "1-0"]
[WhiteElo "2348"]
[BlackElo "2217"]
[Annotator "NA"]
[PlyCount "77"]
[EventDate "2018.11.03"]
[EventType "team-tourn"]
[EventCountry "CZE"]
[SourceTitle "playchess.com"]
[Source "ChessBase"]
[SourceQuality "1"]
[WhiteTeam "Beskydská šachová škola"]
[BlackTeam "Siesta Solution Unichess B"]
[TimeControl "40/5400+30:1800+30"]

1. d4 {[%emt 0:00:00]} Nf6 {[%emt 0:00:00]} 2. c4 {[%emt 0:00:15]} e6 {[%emt 0:00:00]} 3. g3 {[%emt 0:00:23]} d5 {[%emt 0:00:00]} 4. Bg2 {[%emt 0:00:10]} dxc4 {[%emt 0:01:47]} 5. Nf3 {[%emt 0:00:25]} a6 {[%emt 0:00:09]} 6. O-O {[%emt 0:00:28]} Nc6 {[%emt 0:00:07]} 7. a4 {[%emt 0:07:07]} Rb8 {[%emt 0:06:07]} 8. Nc3 {[%emt 0:09:08]} Be7 {[%emt 0:16:38] LiveBook: 14 Games} 9. e4 {[%emt 0:00:27]} O-O {[%emt 0:02:11]} 10. Bf4 $15 {[%emt 0:09:58]} b5 {[%emt 0:03:19]} 11. axb5 {[%emt 0:05:29]} axb5 {[%emt 0:00:43]} 12. Qe2 {[%emt 0:00:34]} Nxd4 {[%emt 0:04:29]} 13. Nxd4 {[%emt 0:00:23]} Qxd4 {[%emt 0:00:05]} 14. Bxc7 {[%emt 0:00:33]} Rb7 {[%emt 0:05:40]} 15. Bf4 {[%emt 0:03:24]} e5 {[%emt 0:04:09]} 16. Rfd1 {[%emt 0:12:17]} Qc5 {[%emt 0:00:14]} 17. Be3 {[%emt 0:00:12]} Qc7 {[%emt 0:00:49]} 18. Ra6 {[%emt 0:09:24]} Bg4 {[%emt 0:06:10]} 19. Bf3 {[%emt 0:04:27]} Bd7 {[%emt 0:05:07]} 20. h4 {[%emt 0:03:54]} b4 {[%emt 0:01:31]} 21. Nd5 {[%emt 0:01:39]} Nxd5 {[%emt 0:00:06]} 22. exd5 {[%emt 0:00:09]} Bd6 {[%emt 0:00:16]} 23. Rda1 {[%emt 0:10:03]} c3 {[%emt 0:11:59]} 24. Ra7 {[%emt 0:03:05]} Rfb8 {[%emt 0:01:09]} 25. Rxb7 {[%emt 0:02:57]} Rxb7 {[%emt 0:00:18]} 26. Rc1 {[%emt 0:02:04]} Qa5 {[%emt 0:02:32]} 27. bxc3 {[%emt 0:05:31]} bxc3 {[%emt 0:00:16]} 28. Qe1 {[%emt 0:00:53]} Rc7 {[%emt 0:01:00]} 29. Ra1 {[%emt 0:01:07]} Qb4 {[%emt 0:01:15]} 30. Rb1 {[%emt 0:02:04]} Qc4 {[%emt 0:03:30]} 31. Rb6 {[%emt 0:00:10]} Ba3 {[%emt 0:03:14]} 32. d6 {[%emt 0:00:20]} Rc8 {[%emt 0:00:34]} 33. Bb7 {[%emt 0:01:38]} Rb8 {[%emt 0:03:39]} 34. Ba6 {[%emt 0:01:35]} Rxb6 {[%emt 0:04:39]} 35. Bxc4 {[%emt 0:00:07]} c2 {[%emt 0:00:10]} 36. Qa5 {[%emt 0:00:58]} Rb1+ {[%emt 0:00:35]} 37. Kh2 {[%emt 0:00:06]} h6 {[%emt 0:02:18]} 38. Qd8+ {[%emt 0:00:51]} Kh7 {[%emt 0:00:09]} 39. Qxd7 {[%emt 0:00:14]} 1-0

[Event "CZE-tht Extraliga 2018-19"]
[Site "Czech Republic"]
[Date "2018.11.04"]
[Round "2"]
[White "Blatny, Pavel"]
[Black "Kraus, Tomas"]
[Result "0-1"]
[WhiteElo "2336"]
[BlackElo "2451"]
[Annotator "TA"]
[PlyCount "90"]
[EventDate "2018.11.03"]
[EventType "team-tourn"]
[EventCountry "CZE"]
[SourceTitle "playchess.com"]
[Source "ChessBase"]
[SourceQuality "1"]
[WhiteTeam "Moravská Slavia Brno"]
[BlackTeam "ŠK ZIKUDA Turnov"]

{[%evp 9,90,-5,-13,-12,-23,-35,-37,-27,-30,-43,0,0,-8,0,0,-23,-19,-67,-52,-55,-42,-50,-44,-49,0,-71,-63,-74,-67,-73,-68,-82,-77,-116,-116,-156,-142,-159,-161,-184,-181,-178,-187,-362,-366,-422,-335,-500,-477,-479,-475,-456,-464,-449,-475,-528,-529,-613,-521,-523,-491,-551,-537,-624,-580,-647,-625,-614,-593,-579,-472,-728,-708,-966,-947,-1102,-1035,-29985,-29986,-29990,-29991,-29991,-29992]} 1. d4 Nf6 2. Nf3 b6 3. Bf4 Bb7 4. e3 g6 5. h4 (5. c4 Bg7 6. Nc3 O-O 7. h3 d5 8. Qb3 e6 9. cxd5 Nxd5 10. Nxd5 Bxd5 11. Bc4 Bxf3 12. gxf3 Nd7 {1-0 (57) Karjakin,S (2781)-Vachier Lagrave,M (2796) Stavanger 2017}) 5... Bg7 6. Nbd2 {A47: 1 d4 Nf6 2 Nf3 b6: Torre, London and Colle Systems} d6 7. Bd3 Nbd7 8. Qe2 {Black is slightly better.} O-O $146 ({Predecessor:} 8... c5 9. O-O-O Rc8 10. Kb1 Qc7 11. c3 b5 12. Bxb5 Rb8 {0-1 (46) Wen,Y (2611)-Sengupta,D (2543) Tashkent 2016}) 9. O-O-O Qe8 {[#] Strongly threatening ...e5.} 10. e4 e5 11. dxe5 dxe5 12. Bh2 Qe7 13. c3 Rad8 14. Bc2 h5 15. Bg3 a5 16. Kb1 Ne8 {[%cal Bf6e8,Be8d6,Bd6c4][%mdl 32]} 17. Ne1 (17. Nc4 $1 $11 {keeps the balance.}) 17... Nc5 $17 18. Nd3 Ba6 {[%cal Rd8d3] [#] And now ...Rxd3 would win.} 19. Nb3 Ne6 20. Nbc1 Nd6 21. Qe1 Nc4 22. f3 Rd7 23. Bf2 Rfd8 24. g4 hxg4 25. fxg4 Nf4 26. Nxf4 $2 (26. Ka1) 26... exf4 $19 27. Rxd7 Rxd7 28. Nb3 (28. Rh3 {was worth a try.}) 28... c5 29. a4 Ne5 30. h5 g5 31. h6 Bf6 32. h7+ Kh8 33. Qg1 Qd8 34. Bxc5 bxc5 35. Qxc5 Nc4 36. e5 Bxe5 37. Nxa5 Rd5 {[%cal Bd7d5,Bd5c5,Bc5c7][%mdl 32]} 38. Nc6 Rxc5 39. Nxd8 Nd6 40. Rd1 (40. b4 $142 Rc8 41. b5 Bxb5 42. Nxf7+ Nxf7 43. axb5) 40... Rc7 41. b4 Be2 42. Rd5 f3 {Threatens to win with ...f2.} 43. Rxe5 f2 {Black mates.} 44. Rxg5 f1=Q+ 45. Kb2 Bd3 {Precision: White = 38%, Black = 85%.} 0-1

[Event "CZE-tht Extraliga 2018-19"]
[Site "Czech Republic"]
[Date "2018.11.04"]
[Round "2"]
[White "Chytilek, Roman"]
[Black "Neuman, Petr"]
[Result "1/2-1/2"]
[WhiteElo "2334"]
[BlackElo "2427"]
[Annotator "TA"]
[PlyCount "44"]
[EventDate "2018.11.03"]
[EventType "team-tourn"]
[EventCountry "CZE"]
[SourceTitle "playchess.com"]
[Source "ChessBase"]
[SourceQuality "1"]
[WhiteTeam "ŠK DURAS BVK Královo Pole"]
[BlackTeam "GASCO Pardubice"]

{[%evp 16,44,7,12,3,0,41,28,20,-18,57,54,70,65,93,73,97,43,79,88,308,56,354,0,110,37,238,8,13,0,0]} 1. d4 d5 2. c4 c6 3. Nf3 Nf6 4. e3 g6 5. Nc3 Bg7 6. Qb3 O-O 7. Bd2 Qb6 8. Qa3 {D95: Grünfeld: 4 Nf3 Bg7 5 e3 0-0 6 Qb3} Re8 9. Rc1 {LiveBook: 3 Games} (9. Be2 Bg4 10. cxd5 cxd5 11. h3 Bxf3 12. Bxf3 e6 13. Na4 Qc7 14. O-O Nc6 15. Rfc1 Rec8 {1-0 (78) Iturrizaga Bonelli,E (2625)-Oliva Castaneda,K (2488) Linares 2015}) 9... Bf8 10. Ne5 $146 ({Predecessor:} 10. Na4 Qd8 11. Qb3 Nbd7 12. cxd5 Nxd5 13. e4 N5b6 14. Ba5 e5 15. Bd3 exd4 {0-1 (43) Sopur,L (2404)-Przezdziecka,E (2179) Trzcianka 2016}) 10... Bf5 11. Be2 Nbd7 12. O-O g5 (12... dxc4 $11 13. Nxc4 Qc7) 13. cxd5 $14 Nxe5 14. dxe5 {aiming for Na4.} Nxd5 15. e4 $36 {[%mdl 2048] White is really pushing.} Nxc3 16. Rxc3 ({White should try} 16. Qxc3 $16 Bxe4 17. Bxg5) 16... Bxe4 17. Bxg5 Bf5 $2 {[#]} (17... Bg7 $16 {was worth a try.}) 18. Bd2 $2 (18. Rg3 $1 $18 e6 19. Qf3) 18... Be4 $2 {[%mdl 8192]} (18... e6 $1 $14 19. Rg3+ Bg6) 19. Bg5 $2 (19. Rg3+ $18 Bg6 20. e6) 19... Bg6 (19... Bf5 $1 $11) 20. h4 ({White should play} 20. e6 $16) 20... h5 $2 {[#]} (20... e6 $14 21. Qb3 Bg7) 21. g4 $2 (21. e6 $1 $18 {[%mdl 512]}) 21... e6 $11 22. Qa4 Qxb2 {Precision: White = 10%, Black = 19%.} 1/2-1/2

[Event "CZE-tht Extraliga 2018-19"]
[Site "Czech Republic"]
[Date "2018.11.04"]
[Round "2"]
[White "Hollan, Martin"]
[Black "Jansa, Vlastimil"]
[Result "1/2-1/2"]
[WhiteElo "2325"]
[BlackElo "2433"]
[Annotator "TA"]
[PlyCount "77"]
[EventDate "2018.11.03"]
[EventType "team-tourn"]
[EventCountry "CZE"]
[SourceTitle "playchess.com"]
[Source "ChessBase"]
[SourceQuality "1"]
[WhiteTeam "Slavoj Ceský Tešín"]
[BlackTeam "Výstavište Lysá nad Labem"]

{[%evp 14,77,30,11,16,-8,6,0,11,0,-6,0,0,0,16,12,29,0,6,14,14,-19,64,66,128,133,130,107,116,79,62,63,65,79,58,78,72,68,102,106,364,368,380,374,347,367,327,297,435,427,372,183,159,0,517,104,104,106,106,113,105,0,0,0,99,-29996]} 1. Nf3 g6 2. e4 Bg7 3. d4 {[%cal Bd2d4,Bd4d5][%mdl 32]} d6 4. c4 Bg4 5. Be2 Nc6 6. d5 Bxf3 7. Bxf3 Nd4 {A41: 1 d4 d6: Tartakower System and Modern Defence} 8. Bg4 {LiveBook: 4 Games} c5 (8... e5 9. dxe6 Nxe6 10. O-O Nf6 11. Bf3 O-O 12. g3 Nc5 13. Nc3 Re8 14. Qc2 Nfd7 15. Be3 {½-½ (42) Agrest,E (2587)-Cmilyte,V (2514) Sweden 2014}) 9. dxc6 bxc6 {The position is equal.} 10. O-O c5 $146 ({Predecessor:} 10... e5 11. Nc3 Ne7 12. f4 O-O 13. f5 f6 14. Be3 c5 15. h4 {0-1 (36) Benes,V-Fabian,J Zvolen 1963}) 11. Qa4+ Kf8 12. Nc3 Nf6 13. Bh3 e6 14. f4 Nd7 15. f5 {Threatens to win with fxe6.} Kg8 16. fxe6 fxe6 17. Kh1 Qe7 ({Black should try} 17... h6 $11) 18. Bg5 $1 $14 {[%cal Rg5e7]} Nf6 (18... Bf6 $14 19. Bh6 Nb6) 19. e5 $1 $36 {[%cal Re5f6][%mdl 2048] Black is under strong pressure.} dxe5 20. Ne4 $1 {[%cal Re4f6]} Rf8 21. Bxf6 (21. Rae1 {looks sharper.} Nf5 22. g4 Nd4 23. Nxf6+ Bxf6 24. Rxf6 Rxf6 25. Bxf6 Qxf6 26. Qxa7 h5 27. Rf1) 21... Bxf6 22. Nxf6+ Rxf6 23. Rxf6 Qxf6 24. Qxa7 h5 25. Qxc5 {Strongly threatening g3.} Kg7 {[#]} 26. g3 $1 {[%cal Bg2g3,Bg3h4][%mdl 32]} h4 $2 {[%mdl 8192]} (26... Rd8 $16) 27. Rf1 $18 {Intending Qc7+ and mate.} Qg5 28. gxh4 Qe3 29. Qe7+ Kh6 30. Qf6 {[%cal Rf6h8]} Rc8 (30... Rg8 $142 31. Bg2 Ne2 32. Qxe6 Rf8) 31. Bg2 Ne2 32. Qxe6 (32. h5 $142 {[%csl Gh5][%cal Rf6g6]} Qg5 33. Qxe6) 32... Rf8 {( -> ...Rxf1+)} 33. Ra1 $2 (33. Qg4 $16 Rxf1+ 34. Bxf1) 33... Rf2 $2 {[%mdl 8192]} (33... Nc1 $1 $11 34. h3 Rf3) 34. Qg4 $2 (34. Qg8 $18 {[%cal Rg8h8]} Kh5 35. Qh7+ Qh6 36. Qxh6+ Kxh6 37. Rf1 Rxf1+ 38. Bxf1) 34... Nf4 $16 35. Qg5+ Kh7 36. Qe7+ Kh6 {[#]} 37. Qg5+ ({White must play} 37. Qd8 $1 $16 {[%cal Rd8h8]} Kg7 38. Rd1 Nxg2 39. Rd7+ Rf7 40. Rxf7+ Kxf7 41. Qd5+ (41. Kxg2 Qe2+ 42. Kg1 Qe1+ 43. Kg2 Qe2+ 44. Kg3 Qe3+ 45. Kg2 Qe2+ $11) 41... Kg7 42. Kxg2) 37... Kh7 $11 38. Qe7+ ({White should play} 38. Bc6 $11) 38... Kh6 $16 39. Qe6 $2 {[%mdl 40960] Precision: White = 37%, Black = 39%. . An unexpected result.} (39. Qd8 $16 Kg7 40. Rd1 Nxg2 41. Rd7+ Rf7 42. Rxf7+ Kxf7 43. Qd5+ (43. Kxg2 Qe2+ 44. Kg3 Qe3+ 45. Kg2 Qe2+ 46. Kg3 Qe3+ 47. Kg2 $11) 43... Kg7 44. Kxg2) 1/2-1/2

[Event "CZE-tht Extraliga 2018-19"]
[Site "Czech Republic"]
[Date "2018.11.04"]
[Round "2"]
[White "Slovak, Kilian"]
[Black "Zhigalko, Andrey"]
[Result "0-1"]
[WhiteElo "2288"]
[BlackElo "2543"]
[Annotator "TA"]
[PlyCount "78"]
[EventDate "2018.11.03"]
[EventType "team-tourn"]
[EventCountry "CZE"]
[SourceTitle "playchess.com"]
[Source "ChessBase"]
[SourceQuality "1"]
[WhiteTeam "Siesta Solution Unichess B"]
[BlackTeam "Beskydská šachová škola"]

{[%evp 31,78,29,27,27,30,0,48,-7,73,0,0,0,4,0,0,-3,0,-13,-24,-44,16,-41,-52,-102,-102,-116,-126,-199,-202,-278,-261,-256,-237,-416,-416,-399,-404,-492,-492,-487,-458,-548,-554,-638,-641,-1101,-1142,-1435,-1418]} 1. e4 e5 2. Nf3 Nc6 3. Bb5 {[%cal Bf1b5,Bb5a4,Ba4b3][%mdl 32]} a6 4. Ba4 Nf6 5. O-O Be7 6. Re1 b5 7. Bb3 d6 8. c3 O-O 9. h3 Nb8 10. d4 Nbd7 11. Nbd2 c5 12. Nf1 {C95: Closed Ruy Lopez: Breyer Variation with 10 d4} Re8 13. Ng5 (13. Ng3 Bf8 14. Bc2 cxd4 15. cxd4 exd4 16. Bf4 Bb7 17. Nxd4 g6 18. Qd2 Nc5 19. Bg5 Bg7 {½-½ (37) Karjakin,S (2760)-Kovalev,V (2664) Batumi 2018}) 13... c4 14. Bc2 h6 15. Nf3 Bf8 16. Ng3 Bb7 {LiveBook: 7 Games} 17. d5 {[#]} a5 $146 ({Predecessor:} 17... g6 18. Be3 Qc7 19. Qd2 h5 {0-1 (39) Galdunts,S (2415)-Bartel,M (2649) Biel 2016}) 18. Nh2 Nc5 19. Nh5 (19. b3 $14) 19... b4 (19... Nxh5 $11 {keeps the balance.} 20. Qxh5 a4) 20. Re3 (20. Nxf6+ $16 Qxf6 21. Be3) 20... Nxh5 $11 21. Qxh5 g6 $36 {[%mdl 2048] Black is more active.} 22. Rg3 Bg7 {[%cal Bf8g7,Bg7f6,Bf6g5,Bg5c1][%mdl 32]} 23. Qf3 Ba6 24. Ng4 Qh4 25. Ne3 Rab8 (25... Reb8 $15) 26. Rg4 (26. b3 $11) 26... Qf6 $15 27. Qxf6 Bxf6 28. Rg3 Bg5 29. Ng4 {[#]} (29. Rg4 $17 {is a better defense.}) 29... Bxc1 $1 $19 30. Nf6+ {[#]} Kf8 $1 31. Rxc1 Rec8 32. b3 $2 (32. Ra1 {was called for.}) 32... Ke7 33. Ng4 h5 34. Nh2 cxb3 {Black is clearly winning.} 35. axb3 {[#]} a4 $1 {[%mdl 512]} 36. bxa4 b3 {[%cal Bb4b3,Bb3b2][%mdl 32]} 37. Bb1 b2 38. Re1 Nxa4 39. Ree3 Rb3 {Precision: White = 17%, Black = 75%.} 0-1

[Event "CZE-tht Extraliga 2018-19"]
[Site "Czech Republic"]
[Date "2018.11.04"]
[Round "2"]
[White "Rehorek, Martin"]
[Black "Zwardon, Vojtech"]
[Result "0-1"]
[WhiteElo "2283"]
[BlackElo "2455"]
[Annotator "TA"]
[PlyCount "66"]
[EventDate "2018.11.03"]
[EventType "team-tourn"]
[EventCountry "CZE"]
[SourceTitle "playchess.com"]
[Source "ChessBase"]
[SourceQuality "1"]
[WhiteTeam "Siesta Solution Unichess B"]
[BlackTeam "Beskydská šachová škola"]

{[%evp 13,66,3,36,0,0,-8,-8,-9,0,0,4,6,1,-16,0,-6,0,-45,-45,-60,-25,-45,14,14,20,12,18,9,11,13,35,3,0,0,43,0,0,-39,-35,-41,-41,-43,-73,-46,-58,-97,-92,-72,-82,-80,-50,-60,-54,-1406,-2364]} 1. e4 {Meyer,CD/Fish} c5 2. Nf3 Nc6 3. d4 cxd4 4. Nxd4 g6 5. c4 Bg7 6. Nc2 Nf6 7. Nc3 a6 {LiveBook: 5 Partien. B37: Sizilianisch (Maroczy-Aufbau)} 8. a4 $146 ({Vorgänger:} 8. Bd2 O-O 9. Be2 Rb8 10. Rc1 b5 11. cxb5 axb5 12. b4 d5 13. exd5 Nxd5 14. Nxb5 Ba6 15. a4 Bxb5 16. Bxb5 {0-1 (35) Graf,A (2646)-Fish,G (2523) Germany 2005 CBM 106 [Meyer,CD/Fish]}) 8... d6 9. Be2 Be6 {Die Stellung ist ausgeglichen.} 10. Rb1 O-O 11. O-O Rc8 12. b3 Nd7 13. Nd5 Nc5 14. f3 f5 15. Nf4 {Schwarz muss nun b4 beachten.} Bd7 16. Be3 Kh8 17. Nd3 Ne6 (17... fxe4 $15 18. Nxc5 dxc5) 18. exf5 $11 Rxf5 19. f4 Ned4 20. Nxd4 Nxd4 21. Bg4 Rf7 22. Bxd4 Bxd4+ 23. Kh1 a5 24. Nb4 Bg7 25. Nd5 {Lxd7 ist eine echte Drohung.} e6 $36 {[%mdl 2048] Schwarz drückt.} 26. Ne3 Qb6 27. Qd3 Rcf8 28. g3 Bc6+ 29. Bf3 {[#]} g5 $1 {[%cal Rg5f4][%mdl 512]} 30. Ng2 (30. fxg5 Rxf3) 30... gxf4 31. gxf4 e5 32. Bxc6 Qxc6 33. fxe5 $2 {[%mdl 8192] [#]} (33. Qf3 $15) 33... Qe4 $1 {[%mdl 512] Precision: Weiß = 41%, Schwarz = 61%.} 0-1

[Event "CZE-tht Extraliga 2018-19"]
[Site "Czech Republic"]
[Date "2018.11.04"]
[Round "2"]
[White "Obsivac, Josef"]
[Black "Vlasak, Lukas"]
[Result "1/2-1/2"]
[WhiteElo "2264"]
[BlackElo "2399"]
[Annotator "NA"]
[PlyCount "37"]
[EventDate "2018.11.03"]
[EventType "team-tourn"]
[EventCountry "CZE"]
[SourceTitle "playchess.com"]
[Source "ChessBase"]
[SourceQuality "1"]
[WhiteTeam "Moravská Slavia Brno"]
[BlackTeam "ŠK ZIKUDA Turnov"]
[TimeControl "40/5400+30:1800+30"]

1. d4 {[%emt 0:00:00]} Nf6 {[%emt 0:00:00]} 2. c4 {[%emt 0:00:00]} e6 {[%emt 0:00:00]} 3. Nf3 {[%emt 0:00:00]} d5 {[%emt 0:00:00]} 4. Nc3 {[%emt 0:00:20]} Be7 {[%emt 0:00:07]} 5. Bg5 {[%emt 0:00:34]} Nbd7 {[%emt 0:01:41]} 6. Qc2 {[%emt 0:04:13]} h6 {[%emt 0:03:00]} 7. cxd5 {[%emt 0:10:42]} exd5 {[%emt 0:06:04]} 8. Bh4 {[%emt 0:02:23]} c6 {[%emt 0:01:32]} 9. e3 {[%emt 0:00:16]} Nh5 {[%emt 0:00:26]} 10. Bxe7 {[%emt 0:01:30]} Qxe7 {[%emt 0:00:46]} 11. O-O-O {[%emt 0:01:19]} Nb6 {[%emt 0:01:16]} 12. h3 {[%emt 0:01:23]} Be6 {[%emt 0:05:56]} 13. Bd3 {[%emt 0:07:18]} O-O-O {[%emt 0:01:12]} 14. Nd2 {[%emt 0:02:21]} Nf6 {[%emt 0:03:12]} 15. Kb1 {[%emt 0:05:31]} Kb8 {[%emt 0:00:30]} 16. Rc1 {[%emt 0:01:57]} h5 {[%emt 0:12:41]} 17. Nb3 {[%emt 0:13:29]} Nfd7 {[%emt 0:07:52]} 18. h4 {[%emt 0:06:39]} Rc8 {[%emt 0:05:50]} 19. Ne2 {[%emt 0:04:10]} 1/2-1/2